College Trilogy Songs Kanye - Statistics

General Stats
  • This quiz has been taken 26 times
  • The average score is 45 of 57
Answer Stats
Hint Answer % Correct
9 Flashing Lights
100%
1 Good Morning
100%
4 All Falls Down
88%
13 Diamonds From Sierra Leone (Remix)
88%
8 Drunk And Hot Girls
88%
20 Family Business
88%
4 Gold Digger
88%
14 Good Night
88%
3 Graduation Day
88%
16 Hey Mama
88%
12 Homecoming
88%
4 I Wonder
88%
7 Jesus Walks
88%
17 Lil Jimmy Skit
88%
8 Never Let Me Down
88%
9 Roses
88%
15 School Spirit
88%
5 Skit 1
88%
12 Skit 2
88%
15 Skit 3
88%
18 Skit 4
88%
12 Slow Jamz
88%
6 Spaceship
88%
3 Stronger
88%
11 The New Workout Plan
88%
3 Touch The Sky
88%
7 Barry Bonds
75%
13 Big Brother
75%
13 Breathe In Breathe Out
75%
6 Can't Tell Me Nothing
75%
17 Celebration
75%
2 Champion
75%
8 Crack Music
75%
20 Diamonds From Sierra Leone (Bonus Track)
75%
6 Drive Slow
75%
10 Everything I Am
75%
9 Get 'Em High
75%
19 Gone
75%
5 Good Life
75%
1 Intro
75%
21 Last Call
75%
21 Late
75%
14 School Spirit Skit 1
75%
16 School Spirit Skit 2
75%
19 Through The Wire
75%
18 Two Words
75%
1 Wake Up Mr. West
75%
2 We Don't Care
75%
14 We Major
75%
11 Addiction
63%
10 Bring Me Down
63%
2 Heard 'Em Say
63%
5 I'll Fly Away
63%
7 My Way Home
63%
11 The Glory
63%
10 Workout Plan
63%
15 Bittersweet Poetry
50%
No matching quizzes found
Score Distribution
Percent of People with Each Score
Percentile by Number Answered
Your Score History
You have not taken this quiz